000
00320nam a22001457a 4500
003
SGT
020
_a
978-1-4200-4608-3
082
_a
621.3822
_b
MAD
100
_a
MADISCTTI, VIJAY K.
245
_a
THE DIGITAL SIGNAL PROCESSING
250
_a
2ND
260
_a
LONDON
_b
CRC
_c
2010
300
_a
I-12
942
_2
ddc
_c
BK
999
_c
22413
_d
22413